Les 10 villes américaines les plus cosmopolites - Statistiques

Statistiques générales
  • Ce quiz a été pris 65 fois
  • Le résultat moyen est 7 sur 10
Statistiques - réponses
Rang Etat / District % Ville % Correct
3 Californie 34.28 Los Angeles
100%
1 Floride 36.92 Miami
97%
4 Californie 29.50 San Francisco
95%
5 New York 28.10 New York
90%
8 Nevada 21.81 Las Vegas
83%
9 Texas 21.39 Houston
75%
6 Californie 22.64 San Diego
68%
10 Columbia 20.23 Washington
40%
2 Californie 36.31 San José
27%
7 Californie 22.04 Riverside
5%
Aucun quiz correspondant
Distribution des résultats
% des personnes avec chaque résultat
Percentile par nombre de réponses
Votre historique - résultats
Vous n’avez pas pris ce quiz